000 00479nam a2200169Ia 4500
008 090711s9999 xx 000 0 und d
082 _b31036
100 _aखरे सुरेश
245 _aतूSा माझी राणी
260 _c1973
300 _a102
600 _aखरे सुरेश
630 _aतूSा माझी राणी
700 _aखरे सुरेश
730 _aतूSा माझी राणी
942 _cBOOK
999 _c306013
_d306013